| 000 | 00743nai a2200193Ia 4500 | ||
|---|---|---|---|
| 003 | IN-BaIIA | ||
| 008 | 211028c9999 xx s 000 0 eng d | ||
| 022 | _a0197-6389 (Print) | ||
| 022 | _a2331-3870 (Online) | ||
| 040 | _cIIA Library | ||
| 245 | 0 |
_aTransactions of the IRE Professional Group on Circuit Theory _h[eJournal] |
|
| 260 |
_aNew York, USA _bThe Institute of Electrical and Electronics Engineers, Inc. (IEEE) |
||
| 310 | _a3/year | ||
| 362 | _aPGCT-1;1952 - CT-1(4); 1954 | ||
| 521 | _bSubscribed through National Knowledge Resource Consortium (NKRC) | ||
| 650 | _aComponents, Circuits, Devices and Systems | ||
| 856 |
_uhttps://ieeexplore.ieee.org/servlet/opac?punumber=4811122 _yClick Here to Access eJournal |
||
| 942 | _cEJ | ||
| 999 |
_c35822 _d35822 |
||